[Event "Chojnice op-B 4th"]
[Site "Chojnice"]
[Date "2008.07.16"]
[Round "7"]
[White "Gorniewicz, Oskar"]
[Black "Wlodarski, Michal"]
[Result "0-1"]
[WhiteElo "1753"]
[BlackElo "1930"]
[PlyCount "62"]
[EventDate "2008.07.12"]
[EventType "swiss"]
[EventRounds "9"]
[EventCountry "POL"]
[SourceTitle "EXT 2018"]
[Source "ChessBase"]
[SourceDate "2017.10.13"]
[SourceVersion "1"]
[SourceVersionDate "2017.10.13"]
[SourceQuality "1"]

1. d4 Nf6 2. Nf3 d5 3. Bg5 e6 4. e3 c5 5. c4 cxd4 6. exd4 h6 7. Bxf6 Qxf6 8. cxd5 exd5 9. Bb5+ Nc6 10. 0-0 Bg4 11. Qe1+ Be7 12. Ne5 Bf5 13. Qc3 Rc8 14. Qa5 0-0 15. Bxc6 bxc6 16. Nc3 Rfd8 17. Rfe1 Bd6 18. f4 g5 19. Rad1 Bb8 20. g3 gxf4 21. gxf4 Kh7 22. Kh1 Qh4 23. Rf1 Rg8 24. Qa6 f6 25. Nd3 Qh3 26. Ne1 Rce8 27. Rf2 Bg4 28. Ng2 Bxd1 29. Nxd1 Qxg2+ 30. Rxg2 Re1+ 31. Rg1 Rgxg1# 0-1

[Event "Chojnice op-B 4th"]
[Site "Chojnice"]
[Date "2008.07.14"]
[Round "4"]
[White "Sobkowski, Krzysztof"]
[Black "Wlodarski, Michal"]
[Result "0-1"]
[WhiteElo "1558"]
[BlackElo "1930"]
[PlyCount "112"]
[EventDate "2008.07.12"]
[EventType "swiss"]
[EventRounds "9"]
[EventCountry "POL"]
[SourceTitle "EXT 2018"]
[Source "ChessBase"]
[SourceDate "2017.10.13"]
[SourceVersion "1"]
[SourceVersionDate "2017.10.13"]
[SourceQuality "1"]

1. d4 d5 2. Nf3 Nf6 3. Bf4 e6 4. e3 c5 5. c3 Nc6 6. Be2 Be7 7. Nbd2 0-0 8. 0-0 a6 9. h3 Bd7 10. Rc1 Rc8 11. Re1 b5 12. Nb3 c4 13. Nbd2 b4 14. Bf1 Qa5 15. a3 bxc3 16. Rxc3 Na7 17. b4 Qa4 18. Nb1 Qxd1 19. Rxd1 Ba4 20. Re1 Nb5 21. Rcc1 Ne4 22. Ne5 Rfd8 23. f3 Ned6 24. e4 c3 25. Nxc3 Rxc3 26. Rxc3 Nxc3 27. Bxa6 f6 28. Nd3 Ndb5 29. exd5 Rxd5 30. Nc5 Kf7 31. Nxe6 Nxa3 32. Bc1 Nab5 33. Bb2 Bxb4 34. Re3 Nd1 35. Re2 Nxb2 36. Rxb2 Bc3 37. Re2 Nxd4 38. Nxd4 Bxd4+ 39. Kh1 Bb5 40. Bb7 Rd7 41. Rd2 Rxb7 42. Rxd4 Bd7 43. Rd2 Be6 44. Kh2 f5 45. Rc2 Kf6 46. Re2 Ra7 47. Rb2 Ra2 48. Rb1 h5 49. Rc1 h4 50. Rb1 Bd5 51. Rf1 Rd2 52. Kg1 Ke5 53. Rf2 Rxf2 54. Kxf2 Kf4 55. Kf1 Kg3 56. Kg1 Bxf3 0-1

[Event "Chojnice op-B 4th"]
[Site "Chojnice"]
[Date "2008.07.14"]
[Round "3"]
[White "Wlodarski, Michal"]
[Black "Borchardt, Marcin"]
[Result "1-0"]
[WhiteElo "1930"]
[BlackElo "1781"]
[PlyCount "79"]
[EventDate "2008.07.12"]
[EventType "swiss"]
[EventRounds "9"]
[EventCountry "POL"]
[SourceTitle "EXT 2018"]
[Source "ChessBase"]
[SourceDate "2017.10.13"]
[SourceVersion "1"]
[SourceVersionDate "2017.10.13"]
[SourceQuality "1"]

1. e4 e5 2. d4 exd4 3. Qxd4 Nc6 4. Qe3 Nf6 5. Nc3 Bb4 6. Bd2 0-0 7. 0-0-0 Re8 8. Qg3 d6 9. f4 Nxe4 10. Nxe4 Rxe4 11. c3 Bc5 12. Bd3 Re8 13. Nf3 Qf6 14. Nh4 Be6 15. f5 Bxa2 16. Rde1 h6 17. Qf4 Ne5 18. Bc2 Bd5 19. Kb1 Bc6 20. Bc1 a5 21. Rd1 a4 22. Rhe1 b5 23. Qg3 Reb8 24. Bf4 Nc4 25. Bxh6 Qxh6 26. f6 Bd7 27. Rd5 Ne5 28. Rexe5 dxe5 29. Rxd7 Qxf6 30. Nf5 Bf8 31. Qh3 g6 32. Ne3 Qe6 33. Ng4 Bg7 34. Rxc7 b4 35. Nh6+ Bxh6 36. Qxh6 Qf6 37. Qc1 bxc3 38. Rxc3 a3 39. Rb3 Rxb3 40. Bxb3 1-0

[Event "Kolobrzeg op"]
[Site "Kolobrzeg"]
[Date "2007.08.25"]
[Round "9"]
[White "Wlodarski, Michal"]
[Black "Wodzynski, Michal"]
[Result "0-1"]
[WhiteElo "1921"]
[BlackElo "1973"]
[PlyCount "50"]
[EventDate "2007.08.17"]
[EventType "swiss"]
[EventRounds "9"]
[EventCountry "POL"]
[SourceTitle "EXT 2009"]
[Source "ChessBase"]
[SourceDate "2008.11.26"]
[SourceVersion "1"]
[SourceVersionDate "2008.11.26"]
[SourceQuality "1"]

1. e4 e5 2. d4 exd4 3. Qxd4 Nc6 4. Qe3 Nf6 5. Nc3 Bb4 6. Bd2 0-0 7. 0-0-0 Re8 8. Qg3 Rxe4 9. a3 Ba5 10. f3 Re8 11. Bc4 Ne5 12. Ba2 d6 13. f4 Neg4 14. Nge2 Rxe2 15. Nxe2 Ne4 16. Qf3 Bxd2+ 17. Rxd2 Nxd2 18. Kxd2 c6 19. h3 Nf6 20. f5 Qa5+ 21. Kc1 Qxf5 22. Qg3 Ne4 23. Qe3 Be6 24. Bb1 d5 25. c4 Qf2 0-1

[Event "Kolobrzeg op"]
[Site "Kolobrzeg"]
[Date "2007.08.24"]
[Round "8"]
[White "Konieczynski, Piotr"]
[Black "Wlodarski, Michal"]
[Result "0-1"]
[WhiteElo "1963"]
[BlackElo "1921"]
[PlyCount "88"]
[EventDate "2007.08.17"]
[EventType "swiss"]
[EventRounds "9"]
[EventCountry "POL"]
[SourceTitle "EXT 2009"]
[Source "ChessBase"]
[SourceDate "2008.11.26"]
[SourceVersion "1"]
[SourceVersionDate "2008.11.26"]
[SourceQuality "1"]

1. d4 d5 2. Nf3 Nf6 3. c4 dxc4 4. e3 e6 5. Bxc4 c5 6. 0-0 a6 7. Qe2 b5 8. Bb3 Bb7 9. Rd1 Qb6 10. Nc3 Be7 11. Bd2 0-0 12. dxc5 Bxc5 13. Be1 Nc6 14. Rac1 Ng4 15. Ne4 Be7 16. Nd6 Rfd8 17. Nxb7 Qxb7 18. h3 Nf6 19. Bc2 Rac8 20. Bb1 Nd7 21. Qc2 g6 22. Qe4 Nc5 23. Rxd8+ Rxd8 24. Qc2 b4 25. Rd1 Rc8 26. Qe2 Na4 27. Bd3 Nc5 28. Bc4 Na5 29. Rc1 Rd8 30. Ne5 Nxc4 31. Nxc4 Nd3 32. Rb1 Qe4 33. Nd2 Qc6 34. Nb3 Bf6 35. Rd1 Qd5 36. Rd2 e5 37. Rc2 e4 38. Nc1 Kg7 39. b3 a5 40. Kf1 Qe5 41. Kg1 Qa1 42. Bd2 Qb1 43. Rc4 Bb2 44. Qf1 Ne5 0-1

[Event "Bydgoszcz Fordonski op 2nd"]
[Site "Bydgoszcz"]
[Date "2007.07.29"]
[Round "4"]
[White "Zolnierowicz, Krzysztof"]
[Black "Wlodarski, Michal"]
[Result "1/2-1/2"]
[WhiteElo "2256"]
[BlackElo "1921"]
[PlyCount "34"]
[EventDate "2007.07.27"]
[EventType "swiss"]
[EventRounds "5"]
[EventCountry "POL"]
[SourceTitle "EXT 2011"]
[Source "ChessBase"]
[SourceDate "2010.11.26"]
[SourceVersion "1"]
[SourceVersionDate "2010.11.26"]
[SourceQuality "1"]

1. Nf3 Nf6 2. g3 d5 3. Bg2 Bf5 4. b3 e6 5. Bb2 Bd6 6. d3 0-0 7. 0-0 Re8 8. Nbd2 e5 9. e4 dxe4 10. dxe4 Bg4 11. h3 Bxf3 12. Qxf3 Nbd7 13. Nc4 Bc5 14. Rad1 Qe7 15. Qe2 b5 16. Nd2 c6 17. Nf3 Rad8 1/2-1/2

[Event "Bydgoszcz Fordonski op 2nd"]
[Site "Bydgoszcz"]
[Date "2007.07.28"]
[Round "3"]
[White "Wlodarski, Michal"]
[Black "Szybowicz, Piotr"]
[Result "1/2-1/2"]
[WhiteElo "1921"]
[BlackElo "2029"]
[PlyCount "93"]
[EventDate "2007.07.27"]
[EventType "swiss"]
[EventRounds "5"]
[EventCountry "POL"]
[SourceTitle "EXT 2011"]
[Source "ChessBase"]
[SourceDate "2010.11.26"]
[SourceVersion "1"]
[SourceVersionDate "2010.11.26"]
[SourceQuality "1"]

1. e4 e6 2. d4 d5 3. Nd2 Nf6 4. e5 Nfd7 5. Bd3 c5 6. c3 Nc6 7. Ne2 cxd4 8. cxd4 f6 9. exf6 Nxf6 10. 0-0 Bd6 11. Nf3 0-0 12. Nc3 Bd7 13. Re1 Qb6 14. Bg5 Kh8 15. Na4 Qd8 16. Rc1 Rc8 17. Bb1 Qe8 18. Nc5 b6 19. Nd3 Ne4 20. Bh4 Qh5 21. Bg3 Nxg3 22. hxg3 Qg4 23. Nde5 Nxe5 24. Nxe5 Qxd1 25. Rcxd1 Bxe5 26. Rxe5 Rc4 27. Kf1 g6 28. Ke2 Kg7 29. b3 Rc3 30. Kd2 Rfc8 31. Re3 Rxe3 32. Kxe3 Bb5 33. Kd2 a5 34. Re1 Kf6 35. g4 a4 36. g5+ Kf7 37. Re3 Rc7 38. Rh3 Ke8 39. Re3 Kd7 40. Rf3 Ke7 41. g4 Kd6 42. Rf6 axb3 43. axb3 Ke7 44. f4 Bd7 45. f5 exf5 46. gxf5 gxf5 47. Bxf5 1/2-1/2

[Event "POL-chT3 0607"]
[Site "Poland"]
[Date "2007.01.14"]
[Round "6.22"]
[White "Wlodarski, Michal"]
[Black "Olszewski, Marek"]
[Result "1/2-1/2"]
[WhiteElo "1908"]
[BlackElo "2065"]
[PlyCount "95"]
[EventDate "2006.11.12"]
[EventType "team-tourn"]
[EventRounds "11"]
[EventCountry "POL"]
[SourceTitle "EXT 2009"]
[Source "ChessBase"]
[SourceDate "2008.11.26"]
[SourceVersion "1"]
[SourceVersionDate "2008.11.26"]
[SourceQuality "1"]

1. e4 Nc6 2. Nc3 Nf6 3. d4 d5 4. e5 Nd7 5. Nf3 e6 6. a3 f6 7. exf6 Nxf6 8. Bd3 Bd6 9. Bg5 0-0 10. Bh4 Qe8 11. 0-0 a6 12. Re1 Qh5 13. Ne2 Bd7 14. Ng3 Qf7 15. c3 h6 16. Nf1 g5 17. Bg3 Nh5 18. Ne5 Nxe5 19. dxe5 Bc5 20. Kh1 Ng7 21. f3 Nf5 22. Qe2 Nxg3+ 23. Nxg3 h5 24. b4 Be7 25. Qe3 h4 26. Ne2 h3 27. Rf1 hxg2+ 28. Kxg2 Qh5 29. Qd4 Rf7 30. Ng3 Qh6 31. Ne2 Kg7 32. Qg4 Rh8 33. h3 Kf8 34. c4 Qg7 35. Qg3 c6 36. f4 gxf4 37. Nxf4 Qxg3+ 38. Kxg3 Rg7+ 39. Ng6+ Ke8 40. Kh2 Rhg8 41. Nf4 Rg5 42. Rg1 Bd8 43. Bg6+ Kf8 44. Rgf1 Kg7 45. Rg1 Kh6 46. Bf7 Rxg1 47. Rxg1 Rxg1 48. Kxg1 1/2-1/2

[Event "POL-chT3 0607"]
[Site "Poland"]
[Date "2006.12.10"]
[Round "4.22"]
[White "Zwolakiewicz, Krzysztof"]
[Black "Wlodarski, Michal"]
[Result "1-0"]
[WhiteElo "1986"]
[BlackElo "1908"]
[PlyCount "53"]
[EventDate "2006.11.12"]
[EventType "team-tourn"]
[EventRounds "11"]
[EventCountry "POL"]
[SourceTitle "EXT 2009"]
[Source "ChessBase"]
[SourceDate "2008.11.26"]
[SourceVersion "1"]
[SourceVersionDate "2008.11.26"]
[SourceQuality "1"]

1. e4 c6 2. d4 d5 3. f3 dxe4 4. fxe4 e5 5. Nf3 Bg4 6. Bc4 Bxf3 7. Qxf3 Qf6 8. dxe5 Qxf3 9. gxf3 Nd7 10. e6 fxe6 11. Bxe6 0-0-0 12. Be3 b6 13. Nd2 Ngf6 14. Nc4 Kb7 15. 0-0-0 Bc5 16. Bg5 h6 17. Bh4 b5 18. Nd6+ Bxd6 19. Rxd6 Ne5 20. Rxd8 Rxd8 21. Rf1 Re8 22. Bh3 Nc4 23. b3 g5 24. bxc4 gxh4 25. cxb5 cxb5 26. Rg1 Nh5 27. Rg4 1-0

[Event "POL-chT3 0607"]
[Site "Poland"]
[Date "2006.11.12"]
[Round "1.8"]
[White "Wlodarski, Michal"]
[Black "Mazalon, Bartlomiej"]
[Result "0-1"]
[WhiteElo "1908"]
[BlackElo "1907"]
[PlyCount "68"]
[EventDate "2006.11.12"]
[EventType "team-tourn"]
[EventRounds "11"]
[EventCountry "POL"]
[SourceTitle "EXT 2009"]
[Source "ChessBase"]
[SourceDate "2008.11.26"]
[SourceVersion "1"]
[SourceVersionDate "2008.11.26"]
[SourceQuality "1"]

1. e4 c5 2. f4 e6 3. Nf3 d6 4. c4 Nc6 5. g3 g6 6. Bg2 Bg7 7. Nc3 Nge7 8. 0-0 0-0 9. d3 a6 10. Be3 Rb8 11. a4 Qc7 12. Qe1 Nb4 13. Qe2 Nec6 14. Rfd1 Bd7 15. Kh1 Na5 16. Bg1 Rfe8 17. Bf1 d5 18. e5 b6 19. Nd2 Bc6 20. Bg2 Nc2 21. Rab1 d4 22. Nce4 Bxa4 23. b3 Bc6 24. Nf3 Bxe4 25. Qxe4 Nb4 26. Ng5 Na2 27. Qf3 Nc3 28. Ne4 Nxd1 29. Qxd1 Qe7 30. Nd6 Red8 31. h4 Rxd6 32. exd6 Qxd6 33. Ra1 e5 34. Bh2 Re8 0-1

[Event "POL-ch U18"]
[Site "Leba"]
[Date "2006.03.30"]
[Round "8"]
[White "Wlodarski, Michal"]
[Black "Jankowski, Zbigniew"]
[Result "1/2-1/2"]
[WhiteElo "1914"]
[BlackElo "2102"]
[PlyCount "47"]
[EventDate "2006.03.25"]
[EventType "swiss"]
[EventRounds "11"]
[EventCountry "POL"]
[SourceTitle "CBM 111 Extra"]
[Source "ChessBase"]
[SourceDate "2006.05.09"]
[SourceVersion "1"]
[SourceVersionDate "2006.05.09"]
[SourceQuality "1"]

1. e4 c5 2. Nf3 Nc6 3. Bb5 Nf6 4. Qe2 a6 5. Bxc6 bxc6 6. e5 Nd5 7. c4 Nf4 8. Qe4 Ne6 9. Nc3 g6 10. 0-0 Bg7 11. d3 0-0 12. Ng5 Nxg5 13. Bxg5 f6 14. exf6 Bxf6 15. Bh6 Rf7 16. h4 d6 17. Qxc6 Rb8 18. Qd5 Rxb2 19. Ne4 Bb7 20. Nxf6+ exf6 21. Qe6 Bc8 22. Qd5 Bb7 23. Qe6 Bc8 24. Qd5 1/2-1/2

[Event "POL-ch U18"]
[Site "Leba"]
[Date "2006.03.29"]
[Round "7"]
[White "Maciejczak, Jakub"]
[Black "Wlodarski, Michal"]
[Result "1-0"]
[WhiteElo "2235"]
[BlackElo "1914"]
[PlyCount "137"]
[EventDate "2006.03.25"]
[EventType "swiss"]
[EventRounds "11"]
[EventCountry "POL"]
[SourceTitle "CBM 111 Extra"]
[Source "ChessBase"]
[SourceDate "2006.05.09"]
[SourceVersion "1"]
[SourceVersionDate "2006.05.09"]
[SourceQuality "1"]

1. e4 c6 2. d4 d5 3. Nc3 dxe4 4. Nxe4 Nf6 5. Nxf6+ gxf6 6. c3 Bf5 7. Nf3 Qc7 8. g3 Nd7 9. Bg2 0-0-0 10. 0-0 h5 11. Nh4 Bg6 12. Re1 e5 13. Qb3 Bd6 14. Be3 Kb8 15. a4 Rhe8 16. a5 e4 17. a6 b6 18. Nxg6 fxg6 19. Qf7 Rf8 20. Qxg6 f5 21. Bg5 Rde8 22. b4 Rg8 23. Qxh5 Rh8 24. Qg6 Rhg8 25. Qxf5 Ref8 26. Qxe4 Rxg5 27. Qxc6 Qxc6 28. Bxc6 Nf6 29. Re6 Kc7 30. Bg2 Ng4 31. f4 Rg7 32. Rf1 Kd7 33. Re2 Nh6 34. Rf3 Rfg8 35. Bh3+ Kc6 36. c4 Ng4 37. c5 Bc7 38. Bg2 Kb5 39. h3 Nf6 40. g4 Nd5 41. f5 Nxb4 42. Rb2 bxc5 43. dxc5 Rd8 44. f6 Rf7 45. g5 Be5 46. Rb1 Kxc5 47. Rf5 Nd3 48. Bf1 Kd4 49. Bxd3 Rh7 50. Bf1 Ke4 51. Rxe5+ Kxe5 52. Rb5+ Kf4 53. Bg2 Rh5 54. Rb4+ Kf5 55. h4 Rhh8 56. Kh2 Rd6 57. Ra4 Re8 58. Kg3 Re3+ 59. Bf3 Re8 60. Ra5+ Ke6 61. Bg4+ Kf7 62. Bh5+ Kf8 63. Bxe8 Kxe8 64. Kg4 Kf7 65. Kf5 Kg8 66. g6 Kf8 67. Rb5 Rd8 68. g7+ Kg8 69. Kg6 1-0

[Event "POL-ch U18"]
[Site "Leba"]
[Date "2006.03.27"]
[Round "4"]
[White "Pazdziora, Michal"]
[Black "Wlodarski, Michal"]
[Result "1-0"]
[WhiteElo "2078"]
[BlackElo "1914"]
[PlyCount "75"]
[EventDate "2006.03.25"]
[EventType "swiss"]
[EventRounds "11"]
[EventCountry "POL"]
[SourceTitle "CBM 111 Extra"]
[Source "ChessBase"]
[SourceDate "2006.05.09"]
[SourceVersion "1"]
[SourceVersionDate "2006.05.09"]
[SourceQuality "1"]

1. d4 d5 2. c4 dxc4 3. Nf3 Nf6 4. e3 e6 5. Bxc4 c5 6. 0-0 a6 7. Qe2 b5 8. Bb3 Bb7 9. a4 c4 10. Bc2 Nc6 11. Nc3 Qb6 12. Rd1 Be7 13. axb5 axb5 14. Rxa8+ Bxa8 15. e4 Nb4 16. Bb1 0-0 17. e5 Bxf3 18. Qxf3 Nfd5 19. Qh3 g6 20. Ne4 Qd8 21. Qh6 f5 22. exf6 Bxf6 23. Ng5 Bxg5 24. Bxg5 Qc7 25. Re1 Qf7 26. f3 Nc6 27. Qh4 Nde7 28. Qe4 Rd8 29. Qxe6 Qxe6 30. Rxe6 Rxd4 31. Be4 Kf7 32. Rf6+ Kg7 33. Bxc6 h6 34. Re6 Rd1+ 35. Kf2 Nxc6 36. Bf6+ Kf7 37. Rxc6 b4 38. Be5 1-0

[Event "POL-ch U18"]
[Site "Leba"]
[Date "2006.03.25"]
[Round "1"]
[White "Diczew, Filip"]
[Black "Wlodarski, Michal"]
[Result "1/2-1/2"]
[WhiteElo "2154"]
[BlackElo "1914"]
[PlyCount "139"]
[EventDate "2006.03.25"]
[EventType "swiss"]
[EventRounds "11"]
[EventCountry "POL"]
[SourceTitle "CBM 111 Extra"]
[Source "ChessBase"]
[SourceDate "2006.05.09"]
[SourceVersion "1"]
[SourceVersionDate "2006.05.09"]
[SourceQuality "1"]

1. e4 c6 2. d4 d5 3. exd5 cxd5 4. Bd3 Nc6 5. c3 Nf6 6. Ne2 e5 7. Bb5 e4 8. h3 Bd6 9. 0-0 0-0 10. f4 Qb6 11. Ba4 Bd7 12. Bc2 Ne7 13. a4 Rac8 14. b4 a5 15. b5 h5 16. Be3 Nf5 17. Bf2 Qc7 18. Qd2 Rfe8 19. Be3 g6 20. Bb3 Kg7 21. Na3 Be6 22. Nc2 Nd7 23. Qe1 Rh8 24. Bd2 Nb6 25. Ne3 Nxe3 26. Bxe3 Nc4 27. Bxc4 Qxc4 28. Qf2 Qc7 29. Rfd1 Qe7 30. Bc1 Rc4 31. Bb2 Re8 32. Nc1 Bf5 33. Qe3 b6 34. Nb3 Rc7 35. Nd2 Qh4 36. Rf1 Rec8 37. Rac1 Qe7 38. Ra1 Kh7 39. Kh1 Qh4 40. Nb1 Qe7 41. Ra2 Re8 42. Bc1 Rcc8 43. Kg1 Rf8 44. Qe2 Qh4 45. Be3 Qg3 46. Qf2 Qxf2+ 47. Kxf2 Kg7 48. Ke2 Rc4 49. Kd2 Be6 50. Kc2 Rfc8 51. Kb3 R4c7 52. Re2 f5 53. Bc1 Kf6 54. h4 Bf8 55. g3 Be7 56. Re3 Bd6 57. Ba3 Bxa3 58. Nxa3 Ke7 59. Rc1 Kd6 60. Re2 Bf7 61. Rec2 Be6 62. Nb1 Bf7 63. Nd2 Be6 64. Nf1 Bf7 65. Ne3 Be6 66. Rd1 Bf7 67. Kb2 Be6 68. c4 Rxc4 69. Rxc4 dxc4 70. Kc3 1/2-1/2

[Event "Chojnice op-B 2nd"]
[Site "Chojnice"]
[Date "2006.??.??"]
[Round "4"]
[White "Wlodarski, Michal"]
[Black "Kantorek, Pawel"]
[Result "1-0"]
[WhiteElo "1914"]
[BlackElo "1800"]
[PlyCount "41"]
[EventDate "2006.07.??"]
[EventType "swiss"]
[EventRounds "9"]
[EventCountry "POL"]
[SourceTitle "EXT 2007"]
[Source "ChessBase"]
[SourceDate "2006.11.23"]
[SourceVersion "1"]
[SourceVersionDate "2006.11.23"]
[SourceQuality "1"]

1. e4 c5 2. Nf3 d6 3. d4 cxd4 4. Qxd4 Nc6 5. Bb5 Bd7 6. Bxc6 Bxc6 7. Nc3 Nf6 8. Bg5 e5 9. Qd3 a6 10. 0-0-0 b5 11. a3 Qa5 12. Bxf6 gxf6 13. Nd5 Bxd5 14. Qxd5 Rc8 15. Nh4 Qa4 16. c3 b4 17. axb4 Bh6+ 18. Kb1 0-0 19. Nf5 Bg7 20. Rd3 Qe8 21. Rg3 1-0

[Event "Chojnice op-B 2nd"]
[Site "Chojnice"]
[Date "2006.??.??"]
[Round "8"]
[White "Wlodarski, Michal"]
[Black "Zielinski, Wojciech"]
[Result "1/2-1/2"]
[WhiteElo "1914"]
[BlackElo "1886"]
[PlyCount "92"]
[EventDate "2006.07.??"]
[EventType "swiss"]
[EventRounds "9"]
[EventCountry "POL"]
[SourceTitle "EXT 2007"]
[Source "ChessBase"]
[SourceDate "2006.11.23"]
[SourceVersion "1"]
[SourceVersionDate "2006.11.23"]
[SourceQuality "1"]

1. e4 e6 2. d4 d5 3. Nd2 dxe4 4. Nxe4 Bd7 5. Nf3 Bc6 6. Bd3 Nd7 7. 0-0 Ngf6 8. Ng3 Bd6 9. Qe2 0-0 10. Ne5 Re8 11. f4 Nb6 12. c3 Nbd5 13. a3 Ne7 14. Be3 Ng6 15. Rad1 Nd5 16. c4 Nxe3 17. Qxe3 Nh4 18. Nxc6 bxc6 19. Qe4 f5 20. Qxc6 g5 21. Ne2 gxf4 22. c5 f3 23. cxd6 Qg5 24. g3 fxe2 25. Bxe2 cxd6 26. Qxd6 Rad8 27. Qf4 Qxf4 28. Rxf4 Ng6 29. Rff1 Rd6 30. Bc4 Kg7 31. d5 Red8 32. Bb3 exd5 33. Rxf5 d4 34. Rf7+ Kh6 35. Rxa7 d3 36. Kf2 Ne5 37. Rd2 Rf6+ 38. Kg2 Nf3 39. Rd1 Rb8 40. Bd5 Rxb2+ 41. Kf1 Nxh2+ 42. Kg1 Nf3+ 43. Bxf3 Rxf3 44. Rd7 Rxg3+ 45. Kf1 Rh3 46. Kg1 d2 1/2-1/2

[Event "Chojnice op"]
[Site "Chojnice"]
[Date "2005.??.??"]
[Round "2"]
[White "Wlodarski, Michal"]
[Black "Hasinski, Sebastian"]
[Result "1-0"]
[WhiteElo "1800"]
[BlackElo "1811"]
[PlyCount "39"]
[EventDate "2005.05.27"]
[EventType "swiss"]
[EventRounds "9"]
[EventCountry "POL"]
[SourceTitle "EXT 2007"]
[Source "ChessBase"]
[SourceDate "2006.11.23"]
[SourceVersion "1"]
[SourceVersionDate "2006.11.23"]
[SourceQuality "1"]

1. e4 d5 2. exd5 Nf6 3. d4 Nxd5 4. c4 Nb6 5. Nf3 Bg4 6. c5 Nd5 7. Bc4 c6 8. Qb3 Bxf3 9. Qxb7 Bxg2 10. Rg1 Bf3 11. Bxd5 Bxd5 12. Qxa8 e5 13. Nc3 exd4 14. Nxd5 cxd5 15. Bf4 Nd7 16. Qxd8+ Kxd8 17. c6 Bb4+ 18. Bd2 Re8+ 19. Kd1 Bxd2 20. cxd7 1-0

[Event "Chojnice op"]
[Site "Chojnice"]
[Date "2005.??.??"]
[Round "8"]
[White "Wlodarski, Michal"]
[Black "Wruck, Wieslaw"]
[Result "0-1"]
[WhiteElo "1800"]
[BlackElo "1949"]
[PlyCount "80"]
[EventDate "2005.05.27"]
[EventType "swiss"]
[EventRounds "9"]
[EventCountry "POL"]
[SourceTitle "EXT 2007"]
[Source "ChessBase"]
[SourceDate "2006.11.23"]
[SourceVersion "1"]
[SourceVersionDate "2006.11.23"]
[SourceQuality "1"]

1. e4 c5 2. Nf3 d6 3. d4 cxd4 4. Qxd4 Nc6 5. Bb5 Bd7 6. Bxc6 Bxc6 7. Nc3 Nf6 8. Bg5 e6 9. 0-0-0 Be7 10. Rhe1 0-0 11. Kb1 Qa5 12. Qd2 Qb6 13. Nd4 Rac8 14. f3 Rfe8 15. g4 a5 16. h4 a4 17. Nce2 d5 18. e5 Ba3 19. c3 Nd7 20. Ka1 Bf8 21. Qe3 Ra8 22. Ng3 Bb5 23. Nh5 Bc4 24. f4 h6 25. Rh1 Nc5 26. Bxh6 Nb3+ 27. axb3 axb3+ 28. Kb1 Qa5 29. Nc2 Qa2+ 30. Kc1 bxc2 31. Rdg1 Qb1+ 32. Kd2 Qxb2 33. Rc1 Bb3 34. f5 d4 35. Qg5 Qxc3+ 36. Ke2 d3+ 37. Kf1 Qxe5 38. Re1 Ra1 39. Nf6+ Qxf6 40. Qxf6 Rxe1+ 0-1

[Event "POL-chT2 U18"]
[Site "Sielpa"]
[Date "2004.??.??"]
[Round "1"]
[White "Sypien, Mateusz"]
[Black "Wlodarski, Michal"]
[Result "1-0"]
[WhiteElo "2190"]
[BlackElo "1800"]
[PlyCount "51"]
[EventDate "2004.??.??"]
[EventType "team-tourn"]
[EventRounds "11"]
[EventCountry "POL"]
[SourceTitle "EXT 2007"]
[Source "ChessBase"]
[SourceDate "2006.11.23"]
[SourceVersion "1"]
[SourceVersionDate "2006.11.23"]
[SourceQuality "1"]

1. e4 c6 2. Nc3 d5 3. d3 dxe4 4. Nxe4 Nd7 5. Qe2 e6 6. g3 Ngf6 7. Bg2 Be7 8. Nf3 Nxe4 9. dxe4 0-0 10. 0-0 e5 11. b3 Qc7 12. Bb2 Bd6 13. Rad1 Nf6 14. Qd3 Ne8 15. Nh4 Bc5 16. Kh1 Bg4 17. f3 Bh5 18. Nf5 Nf6 19. Qc3 Nd7 20. Rxd7 Qxd7 21. Qxc5 f6 22. f4 exf4 23. Nh6+ gxh6 24. Qxh5 Qg7 25. Rxf4 Kh8 26. Qf3 1-0

[Event "POL-chT2 U18"]
[Site "Sielpa"]
[Date "2004.??.??"]
[Round "11"]
[White "Wilczynska, Malgorzata"]
[Black "Wlodarski, Michal"]
[Result "1-0"]
[WhiteElo "1960"]
[BlackElo "1800"]
[PlyCount "73"]
[EventDate "2004.??.??"]
[EventType "team-tourn"]
[EventRounds "11"]
[EventCountry "POL"]
[SourceTitle "EXT 2007"]
[Source "ChessBase"]
[SourceDate "2006.11.23"]
[SourceVersion "1"]
[SourceVersionDate "2006.11.23"]
[SourceQuality "1"]

1. c4 e6 2. Nc3 d5 3. cxd5 exd5 4. d4 Nf6 5. Nf3 Be7 6. Bf4 c6 7. Qb3 Qb6 8. Qc2 0-0 9. e3 Be6 10. Bd3 Nbd7 11. 0-0 c5 12. dxc5 Nxc5 13. Be2 Rac8 14. Nb5 Nce4 15. Qa4 a6 16. Nbd4 Bd6 17. Bxd6 Qxd6 18. Rac1 Ng4 19. h3 Rxc1 20. Rxc1 Ngxf2 21. Ng5 Nxh3+ 22. Nxh3 Bxh3 23. Bf3 Qg3 24. Qc2 f5 25. Ne6 Re8 26. Nf4 Bg4 27. Rf1 Bxf3 28. Rxf3 Qe1+ 29. Kh2 Qd2 30. Qb3 Nf6 31. Qxb7 Rxe3 32. Rxe3 Ng4+ 33. Kh3 Qxe3+ 34. g3 Qe4 35. Qc8+ Kf7 36. Qd7+ Kf8 37. Ne6+ 1-0